| 000 | 00624nam a22002057a 4500 | ||
|---|---|---|---|
| 999 |
_c9188 _d9188 |
||
| 003 | AR-CdUCM | ||
| 008 | 190327b ||||| |||| 00| 0 spa d | ||
| 040 |
_aMUNICIPALIDAD PROVINCIAL DEL CUSCO _cBIBLIOTECA MUNICIPAL DEL CUSCO |
||
| 082 |
_a869.505 / _bS18 |
||
| 100 |
_aSalas Gamarra, Armando _925244 |
||
| 245 | _a"Quiero quedarme en la Tierra" / | ||
| 260 |
_aLima : _c1965. |
||
| 300 | _c17.7 cm. | ||
| 500 | _aContiene dedicatoria a Luis Nieto del Mismo Autor | ||
| 650 |
_aPoesia LimeƱa _917928 |
||
| 650 |
_aPoesia Peruana _9280 |
||
| 650 |
_aPoesia Latinoamericana _92147 |
||
| 942 |
_2ddc _cLIBROS |
||
| 945 | _artm | ||